000 01103cam a2200337 a 4500
999 _c2538
_d2538
001 13374730
003 GZU
005 20210510093911.0
008 030620s2002 rh a b 001 0 eng
010 _a 2003407351
020 _a1779051492 (pbk.)
035 _a(DLC) 2003407351
040 _aOI@
_cOI@
_dDLC
042 _alccopycat
043 _afs-----
050 0 0 _aHC900
_b.P36 2002
082 0 0 _a337.1/6
_222
245 0 0 _aPan-Africanism and integration in Africa /
_cIbbo Mandaza and Dani Wadada Nabudere (editors).
260 _aMount Pleasant, Harare, Zimbabwe :
_bSAPES Books,
_cc2002.
300 _a352 p. :
_bill. ;
_c23 cm.
440 0 _aSouthern Africa political economy series
504 _aIncludes bibliographical references and index.
650 0 _aPan-Africanism.
650 0 _aGlobalization.
651 0 _aAfrica, Southern
_xEconomic integration.
700 1 _aMandaza, Ibbo.
700 1 _aNabudere, D. Wadada.
906 _a7
_bcbc
_corigode
_d3
_encip
_f20
_gy-gencatlg
942 _2lcc
_cBK
_h900
_iPAN
_kHC